Регионална библиотека "Любен Каравелов" - Русе

Лечебните свойства на хранителните растения (Запис номер 57549)

MARC детайли
000 -Лидер
Контролно поле с фиксирана дължина nam a22 a 4500
003 - Код на организацията, давaща контролен номер
Контролно поле BLK
005 - Дата и час на последна редакция
Контролно поле 20221005132432.0
008 - Елементи от данни с фиксирана дължина
fixed length control field 180408b bul|||||r ||||||| ||bul||
010 ## - Наследен системен номер
LC control number KNG00061554000
040 ## - Източник на каталожния запис
Идентификатор на билиотеката - собственик на записа BLK
041 ## - Код за език
Код за езика на текст/звукозапис или на отделно заглавие Български
Код за езика КДБФ Български
080 ## - УДК
Текстов определител УДК Лекарствени средства от растителен произход. Подразделя се със знак за отношение :582; :633/635; :665.3
УДК код - определител по УДК 615.322
УДК определител (035)
УДК - код + определител 615.322(035)
080 ## - УДК
Текстов определител УДК Лекарствени растения
УДК код - определител по УДК 633.88
УДК определител (035)
УДК - код + определител 633.88(035)
100 1# - Редна дума - Автор
Автор Скляревски, Леонид Яковлевич
Авторска отговорност първи автор
R(LIN) 287690
139 ## - Редно поле
Редна дума Скляревски, Леонид Яковлевич
Авторски знак Ск - С 39
245 10 - Сведения за заглавието
Заглавие Лечебните свойства на хранителните растения
Подзаглавни данни Ръководство
Редно поле (дума) Леонид Яковлевич Скляревски; прев. от рус. А. Ангелов.
257 ## - Страна на издаване
Страна на създаване/издаване Съединени американски щати
260 ## - Област на издателските данни
Място на издаване, разпространение и проч. Пловдив
Име на издателя, разпространителя и проч. Христо Г. Данов
Година на издаване 1975
300 ## - Физическа характеристика
Страници 307 с.
Размери/Мащаб 21 см
380 ## - Жанр
Жанр Медицина
500 ## - Общи забележки
Забележка Ориг. загл. Целебные свойства пищевых растений. - Азб. указател на бълг. названия на растенията ; Указател на лат. названия на растенията.
650 #4 - Допълнително описание по предмет – тема
Основно описание – тема или топоним Растения, лечебни
9 (RLIN) 287041
653 ## - Ключова дума – ненормативна
Ключова дума лечебни растения
700 1# - Други автори (авторска отговорност)
Лично име Ангелов, А.
Автороска отговорност (Описва отношението между автора и произведението) прев. от рус.
9 (RLIN) 287691
852 ## - Местоположение
Форматна сигнатура Цб 77894
856 4# - Електронен адрес и достъп
Електронен формат pdf - файл
856 4# - Електронен адрес и достъп
Електронен формат pdf - файл
999 ## - СИСТЕМНИ КОНТРОЛНИ НОМЕРА
Koha biblionumber 57549
Koha biblioitemnumber 57549
942 ## - АРТИКУЛИ
Вид на библиотечния материал Книги
Скрит в OPAC Не
Koha issues (borrowed), all copies 1
Периодичен библиозапис Да
944 ## - СЪЗДАВАНЕ И РЕДАКЦИЯ на ЗАПИСА
Създаване/Редакция Създаване
Дата на регистрацията/редакция 13.06.2004
Служител, извършил регистрацията/редакцията Наталия_Медовщикова
944 ## - СЪЗДАВАНЕ И РЕДАКЦИЯ на ЗАПИСА
Създаване/Редакция Редакция
Дата на регистрацията/редакция 2022-10-05
Служител, извършил регистрацията/редакцията ир
999 ## - СИСТЕМНИ КОНТРОЛНИ НОМЕРА
Koha biblioitemnumber 57549
Наличности
Код за отписване Код за изгубен артикул Код за повреда Коз за рестрикции Код за отдаване Артикулен № Име на библиотеката - собственик Име на библиотеката, в която се намира в момента Статус (Текущо местоположение) Дата на вписване в системата Местоположение - отдел Цена в лева Инвентарен номер Систематично азбучна сигнатура Баркод Номер на екземпляра Цена в евро Служебна бележка Служебен тип на артикула Бележка за публиката Източник на класификационната схема
Изтеглен Не е изгубен Не е повреден без рестрикции заемане за дома 93498 Регионална библиотека "Любен Каравелов" Русе Регионална библиотека "Любен Каравелов" Русе   1975-01-01 Заемна - подръчен фонд 0.99 193620 П 615.3/С 39 193620 1 0.51 Дост: Pk N: стар фонд Дата: 01.01.1975 Книги Отч.N: 23/2018 , Дата: 26.03.2018  
Изтеглен Не е изгубен Не е повреден без рестрикции заемане за дома 93499 Регионална библиотека "Любен Каравелов" Русе Регионална библиотека "Любен Каравелов" Русе   1975-01-01 Заемна - подръчен фонд 0.99 193619 П 615.3/С 39 193619 2 0.51 Дост: Pk N: стар фонд Дата: 01.01.1975 Книги Отч.N: 23/2018 , Дата: 26.03.2018  
Изтеглен Не е изгубен Не е повреден без рестрикции заемане за дома 93500 Регионална библиотека "Любен Каравелов" Русе Регионална библиотека "Любен Каравелов" Русе   1975-01-01 Заемна - подръчен фонд 0.99 193618 П 615.3/С 39 193618 3 0.51 Дост: Pk N: стар фонд Дата: 01.01.1975 Книги Отч.N: 23/2018 , Дата: 26.03.2018  
Изтеглен Не е изгубен Не е повреден без рестрикции заемане за дома 93501 Регионална библиотека "Любен Каравелов" Русе Регионална библиотека "Любен Каравелов" Русе   1975-01-01 Заемна - подръчен фонд 0.99 193616 П 615.3/С 39 193616 4 0.51 Дост: Pk N: стар фонд Дата: 01.01.1975 Книги Отч.N: 23/2018 , Дата: 26.03.2018  
Изтеглен Не е изгубен Не е повреден без рестрикции заемане за дома 93502 Регионална библиотека "Любен Каравелов" Русе Регионална библиотека "Любен Каравелов" Русе Детски отдел 1975-01-01 Детски отдел 0.99 192830 ДН 61/С 39 120000192830 5 0.51 Дост: Pk N: стар фонд Дата: 01.01.1975 Дата инв: 19.08.2015 Бележки инв: Д2015 Книги   Universal Decimal Classification
  Не е изгубен Не е повреден само за читалня ползва се в читалня 93503 Регионална библиотека "Любен Каравелов" Русе Регионална библиотека "Любен Каравелов" Русе Хранилище 1975-01-01 Хранилище 0.99 192063 Цб 77894 120000192063 6 0.51 Дост: Dp N: стар фонд Дата: 01.01.1975 Книги   Universal Decimal Classification
Vip Innovations Ltd, Rousse, Bulgaria 2025